Praktický sprievodca vysielanie pracovníkov do štátov Európskej únie, Európskeho hospodárskeho priestoru a do Švajčiarska
Navrhovaný dokument má poskytnúť obsiahle vysvetlenie zásad a pravidiel uvedených v rozhodnutí č. 181, týkajúce sa vysielania pracovníkov, v rozsudkoch Európskeho súdneho dvora a zohľadniť pripomienky členských štátov, ktoré boli sformulované na základe skúseností získaných na vnútroštátnej úrovni....
Saved in:
| Main Author: | |
|---|---|
| Format: | Book Chapter |
| Language: | Slovak |
| Subjects: | |
| Tags: |
No Tags, Be the first to tag this record!
|
MARC
| LEADER | 00000naa$a2200000$$$4500 | ||
|---|---|---|---|
| 001 | 0036367 | ||
| 005 | 20230925074314.8 | ||
| 041 | 0 | |a slo | |
| 044 | |a SK | ||
| 245 | 1 | 0 | |a Praktický sprievodca |b vysielanie pracovníkov do štátov Európskej únie, Európskeho hospodárskeho priestoru a do Švajčiarska |c Jean-Claude Fillon |
| 520 | |a Navrhovaný dokument má poskytnúť obsiahle vysvetlenie zásad a pravidiel uvedených v rozhodnutí č. 181, týkajúce sa vysielania pracovníkov, v rozsudkoch Európskeho súdneho dvora a zohľadniť pripomienky členských štátov, ktoré boli sformulované na základe skúseností získaných na vnútroštátnej úrovni. Rozhodnutie č. 181 z 13. decembra 2000. | ||
| 610 | 2 | 0 | |a sprievodcovia |
| 610 | 2 | 0 | |a pracovníci |
| 610 | 2 | 0 | |a Európska únia |
| 610 | 2 | 0 | |a Európsky ekonomický priestor |
| 610 | 2 | 0 | |a Švajčiarsko |
| 610 | 2 | 0 | |a zabezpečenie sociálne |
| 100 | 1 | |a Fillon, Jean-Claude | |